| 000 | 00999nam0a2200301 4500 | ||
|---|---|---|---|
| 001 | RU\NLR\BIBL_A\011102737 | ||
| 005 | 20260405192046.0 | ||
| 010 |
_a978-5-17-079313-6 _bС.: ПС-2 _91000 |
||
| 021 |
_aRU _b2016-22842 _91443 |
||
| 035 | _a(NLR Aleph) 011102737 | ||
| 090 |
_a11429103 _c11429103 |
||
| 100 | _a20160414d2016 |||y0rusy50 ca | ||
| 101 | 0 | _arus | |
| 102 | _aRU | ||
| 105 | _ay|||z|||000ay | ||
| 200 | 1 |
_aХроники Раздолбая. Похороните меня за плинтусом-2 _e[роман] _fПавел Санаев |
|
| 210 |
_aМосква _cАСТ _d2016 |
||
| 215 |
_a479 с. _d20 |
||
| 333 | _a18+ | ||
| 517 | 1 | _aПохороните меня за плинтусом-2 | |
| 675 | _a821.161.1 | ||
| 686 | 2 | _aШ6(2=Р)8-440.4 | |
| 700 | 1 |
_aСанаев _bП.В. _f1969- _gПавел Владимирович _3RU\NLR\AUTH\7784008 _966936 |
|
| 942 | _cBOOK | ||
| 980 | _aNB | ||